000 01129cam a2200325 a 4500
001 15527114
003 NUST
005 20211111121219.0
008 081119s2009 paua 001 0 eng
010 _a 2008049298
020 _a9780768020991
020 _a0768020999
035 _a(OCoLC)ocn276140127
038 _aMuzammil
040 _aDLC
_cDLC
_dYDX
_dYDXCP
_dDLC
050 0 0 _aTL210
_b.A755 2009
082 0 0 _a629.25
_222
_bATK
100 1 _aAtkins, Richard D.,
_d1940-
_983907
245 1 3 _aAn introduction to engine testing and development /
_cRichard D. Atkins.
260 _aWarrendale, Pa. :
_bSAE International,
_cc2009.
300 _axv, 289 p. :
_bill. ;
_c29 cm.
500 _a"SAE Order no. R-344"--T.p. verso.
500 _aIncludes index.
563 _aHard Cover
650 0 _aAutomobiles
_xMotors
_xTesting.
_983908
650 0 _aAutomobiles
_xMotors
_xDesign and construction.
_983900
906 _a7
_bcbc
_corignew
_d1
_eecip
_f20
_gy-gencatlg
942 _2ddc
_cBK
999 _c586692
_d586692